[Event "ITA-ch U16"]
[Site "Salsomaggiore Terme"]
[Date "2019.07.09"]
[Round "4"]
[White "Meharunkar, Pari Prasad"]
[Black "Tufano, Chiara"]
[Result "0-1"]
[WhiteElo "1464"]
[BlackElo "1409"]
[PlyCount "100"]
[EventDate "2019.07.07"]
[EventType "swiss"]
[EventRounds "9"]
[EventCountry "ITA"]
[SourceTitle "EXT 2020"]
[Source "ChessBase"]
[SourceDate "2019.10.17"]
[SourceVersion "1"]
[SourceVersionDate "2019.10.17"]
[SourceQuality "1"]

1. e4 e5 2. Bc4 Nc6 3. Nf3 Bc5 4. d3 h6 5. Nc3 d6 6. h3 Nf6 7. Be3 Bb6 8. Qd2 Be6 9. Nd5 Bxd5 10. Bxb6 Bxc4 11. Bxc7 Qxc7 12. dxc4 Nxe4 13. Qe3 Nf6 14. 0-0 0-0 15. Rad1 Rfd8 16. c3 d5 17. cxd5 Rxd5 18. Rxd5 Nxd5 19. Qe2 Nf4 20. Qe4 Rd8 21. Ne1 Qd6 22. Qc2 Qd1 23. Kh1 Qxc2 24. Nxc2 Rd2 25. Ne3 Rxb2 26. Ra1 Rxf2 27. Rf1 Rxa2 28. Nc4 Rc2 29. Nxe5 Nxe5 30. Rxf4 Rxc3 31. Ra4 Nc6 32. Kg1 b5 33. Re4 b4 34. Kf1 b3 35. Ke1 b2 36. Kd2 Rc1 37. Re1 Rxe1 38. Kxe1 b1Q+ 39. Kf2 Qd3 40. Kg1 Kf8 41. Kh2 Ke7 42. Kh1 Kf6 43. Kh2 Kg5 44. Kh1 Kh4 45. Kh2 Qc3 46. g3+ Qxg3+ 47. Kh1 Qf3+ 48. Kg1 Qe2 49. Kh1 Kxh3 50. Kg1 Qg2# 0-1